Guess the 5 Seconds of Summer song with no hints #5 5SOS - Statistics

General Stats
  • This quiz has been taken 77 times
  • The average score is 147 of 307
Answer Stats
Answer % Correct
I
100%
a
92%
you
92%
the
87%
The
87%
we
87%
it
79%
it,
79%
it)
79%
to
79%
To
79%
And
74%
and
74%
in
70%
on
70%
no
66%
that
66%
my
64%
who
64%
for
62%
I'm
60%
Are
58%
are
58%
Can
58%
is
58%
know
57%
Every
55%
of
55%
(Oh-oh,
55%
oh-oh)
55%
one
55%
now
47%
(Now
47%
Now
47%
us
45%
way
45%
got
43%
heart
43%
I've
43%
See
43%
see
43%
As
42%
Cause
42%
But
40%
up
40%
with
40%
could
38%
make
38%
or
36%
there's
36%
There's
36%
(There's
36%
made
32%
start
32%
their
32%
wanna
32%
again
30%
forget
30%
life
30%
life)
30%
black
28%
jet
28%
Let's
28%
broken
26%
broken)
26%
dark
26%
even
26%
inside?
26%
into
26%
keep
26%
mistakes
26%
Trying
26%
fight
25%
hurricane
25%
moment
25%
moment)
25%
stay
25%
these
25%
underneath
25%
apart
23%
between
23%
blood
23%
colour,
23%
dive
23%
fire
23%
nothin'
23%
pen
23%
reason
23%
veins
23%
after
21%
burst
21%
chemicals
21%
demons,
21%
dreaming
21%
Everybody's
21%
okay
21%
poison
21%
strike
21%
write
21%
awake
19%
Caught
19%
(Caught
19%
ends
19%
leavin',
19%
match,
19%
Maybe
19%
war,
19%
wide
19%
dear
17%
holdin'
17%
ignited
17%
midnight
17%
moving
17%
faded
15%
grey
15%
returning
15%
rewind
15%
rewind)
15%
No matching quizzes found
Score Distribution
Percent of People with Each Score
Percentile by Number Answered
Your Score History
You have not taken this quiz